The navigator / Clive Cussler with Paul Kemprecos.
Record details
- ISBN: 9780399154195
- ISBN: 0399154191
- Physical Description: 437 pages ; 24 cm.
- Publisher: New York : G.P. Putnam's Sons, ©2007.
Content descriptions
| General Note: | Years ago, an ancient Phoenician statue known as the Navigator was stolen from the Baghdad Museum, and there are men who would do anything to get their hands on it. Their first victim is a crooked antiquities dealer, murdered in cold blood. Their second very nearly is a UN investigator who, were it not for the timely assistance of Austin and Zavala, would now be at the bottom of a watery grave.What's so special about this statue? Austin wonders. The search for answers will take the NUMA team on an astonishing odyssey through time and space, one that encompasses no less than the lost treasures of King Solomon, a mysterious packet of documents personally encoded by Thomas Jefferson, and a top secret scientific project that could change the world forever.And that's before the surprises really begin . . .Rich with all the hair-raising action and endless invention that have become Cussler's hallmarks, The Navigator is Clive's best yet. |
Search for related items by subject
| Subject: | Austin, Kurt (Fictitious character). Marine scientists > Fiction. Iraq War, 2003- > Destruction and pillage > Fiction. Archaeological thefts > Iraq > Fiction. Iraq > Antiquities > Fiction. |
| Genre: | Action and adventure fiction. Thrillers (Fiction) |
Search for related items by series
Available copies
- 1 of 1 copy available at scottsboropl.
Holds
- 0 current holds with 1 total copy.
Other Formats and Editions
Show Only Available Copies
| Location | Call Number / Copy Notes | Barcode | Shelving Location | Status | Due Date |
|---|---|---|---|---|---|
| scottsboropl | F Cus | 32269000782576 | Adult - Fiction | Available | - |
| LDR | 02529pam a2200433 a 4500 | ||
|---|---|---|---|
| 001 | 120983 | ||
| 003 | SBPL | ||
| 005 | 20220811194340.0 | ||
| 008 | 070320s2007 nyu 000 1 eng | ||
| 010 | . | ‡a 2007011882 | |
| 020 | . | ‡a9780399154195 | |
| 020 | . | ‡a0399154191 | |
| 035 | . | ‡a(CONS)120983 | |
| 035 | . | ‡a(CPomAG)LMN433528 | |
| 050 | 0 | 0. | ‡aPS3553.U75 ‡bN38 2007 |
| 082 | 0 | 0. | ‡a813/.54 ‡222 |
| 100 | 1 | . | ‡aCussler, Clive, ‡d1931-2020. |
| 245 | 1 | 4. | ‡aThe navigator / ‡cClive Cussler with Paul Kemprecos. |
| 260 | . | ‡aNew York : ‡bG.P. Putnam's Sons, ‡c©2007. | |
| 300 | . | ‡a437 pages ; ‡c24 cm. | |
| 336 | . | ‡atext ‡btxt ‡2rdacontent | |
| 337 | . | ‡aunmediated ‡bn ‡2rdamedia | |
| 338 | . | ‡avoume ‡bnc ‡2rdacarrier | |
| 490 | 0 | . | ‡a NUMA files ; ‡v7 |
| 500 | . | ‡aYears ago, an ancient Phoenician statue known as the Navigator was stolen from the Baghdad Museum, and there are men who would do anything to get their hands on it. Their first victim is a crooked antiquities dealer, murdered in cold blood. Their second very nearly is a UN investigator who, were it not for the timely assistance of Austin and Zavala, would now be at the bottom of a watery grave.What's so special about this statue? Austin wonders. The search for answers will take the NUMA team on an astonishing odyssey through time and space, one that encompasses no less than the lost treasures of King Solomon, a mysterious packet of documents personally encoded by Thomas Jefferson, and a top secret scientific project that could change the world forever.And that's before the surprises really begin . . .Rich with all the hair-raising action and endless invention that have become Cussler's hallmarks, The Navigator is Clive's best yet. | |
| 650 | 0. | ‡aAustin, Kurt (Fictitious character). | |
| 650 | 0. | ‡aMarine scientists ‡vFiction. | |
| 650 | 0. | ‡aIraq War, 2003- ‡xDestruction and pillage ‡vFiction. | |
| 650 | 0. | ‡aArchaeological thefts ‡zIraq ‡vFiction. | |
| 651 | 0. | ‡aIraq ‡xAntiquities ‡vFiction. | |
| 655 | 7. | ‡aAction and adventure fiction. ‡2lcgft | |
| 655 | 7. | ‡aThrillers (Fiction) ‡2lcgft | |
| 700 | 1 | . | ‡aKemprecos, Paul. |
| 800 | 1 | . | ‡aCussler, Clive. ‡tNUMA files ; ‡v7 |
| 901 | . | ‡a120983 ‡bUnknown ‡c120983 ‡tbiblio | |